[Event "ROM-ch"]
[Site "Calimanesti Caciulata"]
[Date "2017.04.01"]
[Round "8"]
[White "Maier, Marius Alin"]
[Black "Besciu, Vasile Christian"]
[Result "1/2-1/2"]
[WhiteElo "1991"]
[BlackElo "2140"]
[PlyCount "108"]
[EventDate "2017.03.25"]
[EventType "swiss"]
[EventRounds "9"]
[EventCountry "ROU"]
[SourceTitle "CBM 177 Extra"]
[Source "ChessBase"]
[SourceDate "2017.04.27"]
[SourceVersion "1"]
[SourceVersionDate "2017.04.27"]
[SourceQuality "1"]

1. e4 c5 2. Nf3 Nc6 3. d4 cxd4 4. Nxd4 e5 5. Nb5 a6 6. Nd6+ Bxd6 7. Qxd6 Qf6 8. Qxf6 Nxf6 9. Nc3 d5 10. exd5 Nb4 11. Bd3 Nxd3+ 12. cxd3 Bf5 13. Ke2 h6 14. f4 exf4 15. Bxf4 0-0 16. Bc7 b5 17. a3 Ne8 18. d6 Nxc7 19. dxc7 Rac8 20. Nd5 Rfe8+ 21. Kd2 Re5 22. Nb4 Rxc7 23. Nxa6 Rce7 24. Rhe1 Rxe1 25. Rxe1 Rxe1 26. Kxe1 Bxd3 27. Kd2 Bf1 28. g3 f5 29. Ke3 Kf7 30. Nc5 g5 31. b3 Bg2 32. a4 bxa4 33. bxa4 Ke7 34. Kd4 Kd6 35. Nd3 Ba8 36. Ne5 Ke6 37. Nc4 f4 38. g4 h5 39. gxh5 g4 40. h6 g3 41. hxg3 fxg3 42. Ke3 Kf7 43. Ne5+ Kg8 44. a5 Kh7 45. Ng4 Bb7 46. Ke2 Bc8 47. Ne3 Kxh6 48. Kf3 Kg5 49. Kxg3 Bb7 50. Nc4 Ba6 51. Nd6 Kf6 52. Kf4 Ke6 53. Ne8 Kd7 54. Nf6+ Kc6 1/2-1/2